Subdivision capitals closest to Târgoviște (RO) - Statistics

General Stats
  • This quiz has been taken 12 times
  • The average score is 8 of 20
Answer Stats
Distance (km) Answer % Correct
3 73 București
83%
4 80 Brașov
67%
1 44 Ploiești
67%
9 110 Buzău
50%
13 148 Craiova
50%
10 122 Giurgiu
50%
2 47 Pitești
50%
12 141 Sibiu
50%
14 156 Slobozia
50%
7 107 Alexandria
33%
18 169 Călărași (RO)
33%
16 162 Miercurea Ciuc
33%
5 88 Râmnicu Vâlcea
33%
8 107 Sfăntu Gheorghe
33%
6 103 Slatina
33%
19 172 Târgu Jiu
33%
15 160 Focșani
17%
11 126 Ruse
17%
17 169 Silistra
17%
20 177 Razgrad
0%
No matching quizzes found
Score Distribution
Percent of People with Each Score
Percentile by Number Answered
Your Score History
You have not taken this quiz